Oltre l'arcobaleno : il coraggio di essere : volume 2.

Salvato in:
Dettagli Bibliografici
Autori principali: Bonazzi, Stefano, (1983- ) (Autore), Capponi, Paolo (Autore), Carpenetti, Lily (Autore), Carrino, Luigi Romolo (Autore), Chiarottino, Manuela (Autore), Cicolani, Fabio, (1980- ) (Autore), De Carlo, Annemarie (Autore), Fiorescato, F.N (Autore), Ghibaudo, Giorgio (Autore), Mastinu, Francesco (Autore), Pavan, Serena Eva (Autore)
Enti autori: Autumn Saper (Autore), Laura ZG Costantini e Loredana Falcone (Autore), Luisa D. (Autore)
Natura: Libro
Lingua:italiano
Pubblicazione: [S.l.] : Amarganta, 2017
Tags: Aggiungi Tag
Nessun Tag, puoi essere il primo ad aggiungerne!!

MARC

LEADER 00000nam a22000007i 4500
001 IT\ICCU\CAM\0218490
003 ItRI
005 20260115232012.0
008 170626s2017 it |||||| ||||| |||||c
020 |a 9781546974185 
040 |b ita  |c importazione bologna sebina 
041 7 |a ita  |2 ISO-639-2 
245 0 0 |a Oltre l'arcobaleno :  |b il coraggio di essere : volume 2. 
260 |a [S.l.] :  |b Amarganta,  |c 2017 
300 |a 173 p. ;  |c 20 cm 
700 1 |a Bonazzi, Stefano,  |d  (1983- )  |0 IT\ICCU\TO1V\001127  |4 aut 
700 1 |a Capponi, Paolo  |0 IT\ICCU\RAVV\472749  |4 aut 
700 1 |a Carpenetti, Lily  |0 IT\ICCU\MODV\663038  |4 aut 
700 1 |a Carrino, Luigi Romolo  |0 IT\ICCU\LIGV\005290  |4 aut 
700 1 |a Chiarottino, Manuela  |0 IT\ICCU\BA1V\013592  |4 aut 
700 1 |a Cicolani, Fabio,  |d  (1980- )  |0 IT\ICCU\TO0V\638602  |4 aut 
700 1 |a De Carlo, Annemarie  |0 IT\ICCU\RMSV\008532  |4 aut 
700 1 |a Fiorescato, F.N.  |0 IT\ICCU\CAMV\098855  |4 aut 
700 1 |a Ghibaudo, Giorgio  |0 IT\ICCU\LO1V\394331  |4 aut 
700 1 |a Mastinu, Francesco  |0 IT\ICCU\CAGV\726920  |4 aut 
700 1 |a Pavan, Serena Eva  |0 IT\ICCU\CAMV\098854  |4 aut 
710 2 |a Autumn Saper  |0 IT\ICCU\CAMV\098858  |4 aut 
710 2 |a Laura ZG Costantini e Loredana Falcone  |0 IT\ICCU\CAMV\098859  |4 aut 
710 2 |a Luisa D.  |0 IT\ICCU\CAMV\098860  |4 aut 
790 1 |a Bonazzi, Stefano Bzi  |3 IT\ICCU\BVEV\276630  |z Bonazzi, Stefano (1983- ) 
790 1 |a Carrino, L. R.  |3 IT\ICCU\BA1V\007366  |z Carrino, Luigi Romolo 
942 |2 ddc  |c BK  |n 0 
952 |0 0  |1 0  |4 0  |6 DOC_853_920000000000000_OLT  |7 0  |9 18717  |a BO  |b BO  |d 2026-01-15  |i 18598  |l 0  |o DOC 853.920 OLT  |p BO18598  |r 2026-01-15 23:20:12  |w 2026-01-15  |x [Sebina 5] [1 v.]  |y BK  |z 1 v. 
999 |c 15880  |d 15880